Normal view
MARC view
- تايف عزام، خالد
Entry Personal Name
001 - CONTROL NUMBER
- control field: 60308
003 - CONTROL NUMBER IDENTIFIER
- control field: JO-AjAnu
005 - DATE AND TIME OF LATEST TRANSACTION
- control field: 20230606083847.0
008 - FIXED-LENGTH DATA ELEMENTS
- fixed length control field: 230606|| aca||aabn | a|a d
040 ## - CATALOGING SOURCE
- Original cataloging agency: JO-AjAnu
- Transcribing agency: JO-AjAnu
100 ## - HEADING--PERSONAL NAME
- Personal name: تايف عزام، خالد
670 ## - SOURCE DATA FOUND
- Source citation: Work cat.: (JO-AjAnu)30755: تايف عزام، خالد, author, موسوعة التاريخ الاسلامي: العصر العباسي (132هـ/656م)